| 000 | 00761nam a22002417a 4500 | ||
|---|---|---|---|
| 003 | GR-AtMCL | ||
| 005 | 20251223161743.0 | ||
| 006 | a|||||r||||||||||| | ||
| 008 | s2023 maua b 001 0 eng d | ||
| 020 | _a9781509547890 | ||
| 040 |
_aGR-AtMCL _beng _dGR-AtMCL |
||
| 100 |
_aEntwistle, Joanne _910209 |
||
| 245 | 1 | 4 |
_aThe fashioned body : _bfashion, dress and modern social theory / _cJoanne Entwistle. |
| 250 | _a3rd ed. | ||
| 264 | 1 |
_aCambridge, UK : _bPolity Press, _c2023 |
|
| 300 |
_a281 p. : _bill. ; _c25 cm |
||
| 500 | _aPrevious edition: 2015. | ||
| 504 | _aIncludes bibliographical references (pages 257-276) and index. | ||
| 650 | 0 |
_aClothing and dress _xHistory _910087 |
|
| 650 | 0 |
_aFashion _99926 |
|
| 942 | _cBK | ||
| 999 |
_c10006 _d10006 |
||